The legislative changes in inland transport of dangerous goods

Podrobná bibliografia
Hlavní autori: Ondričková, Zuzana (Author), Kubasáková, Iveta (Author)
Médium: Článok
Jazyk:English
Témy:
ISBN: 9788096976027
Zdroj: 1. MOSATT 2007 : modern safety technologies in transportation 1. Košice : Slovenská dopravná spoločnosť pri SAV, 2007 1. S. 197-200 1. 9788096976027
LEADER 01122naa#a2200361#ar4500
001 000090752
003 SVKKK
005 20080822145124.0
008 080220s2007 xo #|0||||||||0|||b|eng
FMT
015 |a SNBRA2008/08 
038 |a SVKKK 
040 |a SVKKK  |b slo  |e AACR2 
041 0 |a eng  |b eng 
044 |a xo  |c SK 
080 |a 656.025.4  |2 1997 
080 |a 656.073.436  |2 1997 
100 1 |a Ondričková, Zuzana  |4 aut 
242 1 0 |a Legislatívne zmeny vo vnútroštátnej preprave nebezpečných látok 
245 1 4 |a The legislative changes in inland transport of dangerous goods  |c Zuzana Ondričková, Iveta Kubasáková 
504 |a Bibliogr. odkazy 
546 |a Res. angl. 
650 0 4 |a vnútroštátna doprava  |x dopravné stratégie 
650 0 4 |a nebezpečné náklady  |x legislatíva 
700 1 |a Kubasáková, Iveta  |4 aut 
773 0 |t MOSATT 2007 : modern safety technologies in transportation  |d Košice : Slovenská dopravná spoločnosť pri SAV, 2007  |g S. 197-200  |z 9788096976027 
958 |a NB 
974 |a Ni 
992 |a RZB 
BAS
852 |a SVKKK  |b BIB 
EXP
998 |a SLO